| 000 | 00712nam a22002297a 4500 | ||
|---|---|---|---|
| 003 | UA-OsUOA | ||
| 001 | 51333 | ||
| 007 | ta | ||
| 008 | 20140902b un ||||| |||| 00| 0 ukr d | ||
| 090 |
_a82-1 _bН30 |
||
| 942 | _cBK | ||
| 040 |
_aUA-OsUOA _bukr _cUA-OsUOA _dUA-OsUOA |
||
| 245 |
_aНарод про Кобилицю _bЗбірник фольклорних творів |
||
| 300 | _a178 с. | ||
| 955 | _a3 | ||
| 041 | _aukr | ||
| 080 | _a82-1 | ||
| 260 |
_aК. _bНаукова думка _c1968 |
||
| 650 | 7 |
_a82 Література. Літературознавство _2UDC |
|
| 999 |
_c431459 _d431459 |
||